01367cam a2200289 a 4500001000700000003000500007005001700012008004100029010001700070020002500087040001800112050002200130082002100152111015100173245013100324260004700455300003900502500019800541500008400739501000800823504005100831650004100882650005900923650002600982700002301008710004601031582254NUST20171116104931.0900709s1991 nyuab b 101 0 eng  a 90042668  a1560321458 :c$97.00 aDLCcDLCdDLC00aTD796b.I565 198900a628.4457 INC2202 aInternational Engineering Foundation Conference on Fireside Problems While Incinerating Municipal and Industrial Wasted(1989 :cPalm Coast, Fla.)10aIncinerating municipal and industrial waste :bfireside problems and prospects for improvement /cEdited by Richard W. Bryers. aNew York :bHemisphere Pub. Corp.,cc1991. axvi, 411 p. :bill., map ;c25 cm. a"Proceedings of the International Conference on Fireside Problems While Incinerating Municipal and Industrial Waste, held at The Sheraton Palm Coast, Florida on October 8-12, 1989"--T.p. verso. a"Co-sponsored by The American Society of Mechanical Engineers ..."--T.p. verso. aH.B aIncludes bibliographical references and index. 0aIncineratorsxCorrosionxCongresses. 0aMaterials at high temperaturesxCorrosionxCongresses. 0aChlorinexCongresses.1 aBryers, Richard W.2 aAmerican Society of Mechanical Engineers.